LEADER 01219nam0-2200373---450- 001 990009736380403321 005 20130606125905.0 010 $a978-88-548-1226-0 035 $a000973638 035 $aFED01000973638 035 $a(Aleph)000973638FED01 035 $a000973638 100 $a20130605d2007----km-y0itay50------ba 101 0 $aita 102 $aIT 105 $ay-------101yy 200 1 $a<>ebrei e la destra$enazione, Stato, identità, famiglia$fa cura di Paolo L. Bernardini, Gadi Luzzatto Voghera, Piergabriele Mancuso 210 $aRoma$cAracne$d2007 215 $a379 p.$d24 cm 225 1 $aArea 11$iScienze storiche, filosofiche, pedagogiche e psicologiche$v235 (II) 225 1 $aPrimo Levi project proceedings$v2 300 $aAtti di un convegno tenuto a Padova nel 2005 610 0 $aEbrei italiani$aStoria 676 $a909.04924$v22$zita 702 1$aBernardini,$bPaolo$f<1963- > 702 1$aLuzzatto Voghera,$bGadi 702 1$aMancuso,$bPiergabriele 801 0$aIT$bUNINA$gREICAT$2UNIMARC 901 $aBK 912 $a990009736380403321 952 $aCollez. 2094 (235)II$b49496$fFSPBC 959 $aFSPBC 996 $aEbrei e la destra$9842453 997 $aUNINA LEADER 01096nls 2200277- 450 001 996361644103316 005 20201020082859.0 011 $a1746-8817 100 $a20060425a20069999 s-- a 101 0 $aeng 102 $aGB 110 0 $aaha 135 $adrnc 200 1 $aInternational journal of emerging markets 207 0$a2006- 210 1 $aBradford$cEmerald Group Publishing$d2006- 326 $aTrimestrale 330 $aLa rivista pubblica una ricerca multidisciplinare di alta qualità incentrata sul business nei mercati emergenti. da prospettive geografiche multidisciplinari (economia, finanza, marketing e gestione) e multinazionali. JoEM incoraggia in particolare studi comparativi dei mercati emergenti o studi che confrontano i mercati emergenti con i mercati sviluppati e cerca teorie che spieghino le differenze 606 0 $aEconomia internazionale$xPeriodici$2BNCF 676 $a337.05 801 $aIT$bcba$gREICAT 912 $a996361644103316 959 $aEJ 969 $aER 996 $aInternational journal of emerging markets$91759236 997 $aUNISA LEADER 01853nam 2200373 450 001 9910719772003321 005 20230623182705.0 010 $a3-0365-7314-3 035 $a(CKB)4960000000467886 035 $a(NjHacI)994960000000467886 035 $a(EXLCZ)994960000000467886 100 $a20230623d2023 uy 0 101 0 $aeng 135 $aur||||||||||| 181 $ctxt$2rdacontent 182 $cc$2rdamedia 183 $acr$2rdacarrier 200 00$aFundamentals of advanced pyrometallurgy /$fedited by Baojun Zhao, Jianliang Zhang, Xiaodong Ma 210 1$aBasel, Switzerland :$cMDPI - Multidisciplinary Digital Publishing Institute,$d2023. 215 $a1 online resource (260 pages) 311 $a3-0365-7315-1 330 $aPyrometallurgy is considered to be an environmentally friendly technology in processing of primary and secondary raw materials. The continuous development of pyrometallurgical processes to treat more complex raw materials requires direct support from fundamental research. In this reprint, 18 papers focusing on recent investigations into the existing and new pyrometallurgical processes such as recovery of cobalt through chlorination-volatilization, the extraction of tungsten from low-grade concentrates, copper and lead smelting, ironmaking, and steelmaking are collected. This reprint is expected to serve as a valuable reference for academia and the industry working on thermodynamics, kinetics, and technological optimization and development. 606 $aPyrometallurgy 615 0$aPyrometallurgy. 676 $a669.0282 702 $aZhao$b Baojun 702 $aZhang$b Jianliang 702 $aMa$b Xiaodong 801 0$bNjHacI 801 1$bNjHacl 906 $aBOOK 912 $a9910719772003321 996 $aFundamentals of Advanced Pyrometallurgy$93360299 997 $aUNINA